Capitales par drapeau des pays d’Europe #1 - Statistiques

Statistiques générales
  • Ce quiz a été pris 192 fois
  • Le résultat moyen est 13 sur 16
Statistiques - réponses
Par images Réponse % Correct
Berlin
99%
Kiev
99%
Paris
99%
Rome
99%
Madrid
96%
Athènes
92%
Bruxelles
92%
Berne
89%
Varsovie
87%
Vatican
83%
Stockholm
82%
Vienne
80%
Riga
60%
Tallinn
58%
Bratislava
55%
Skopje
52%
Aucun quiz correspondant
Distribution des résultats
% des personnes avec chaque résultat
Percentile par nombre de réponses
Votre historique - résultats
Vous n’avez pas pris ce quiz